00341nam a2200121Ia 4500100002600000942001100026245002300037260003800060082000600098300000800104999001700112952009000129 aTanenbaum /Andrew S.  c#NAME? aComputer Networks bPrentice Hall of IndiaaNew Delhi a4 a891 c20504d20504 001040708CRCaCRCEbCRCEd2023-03-17l0o4 p13410r2023-03-17w2023-03-17y#NAME?